100 Most Famous Cities in Ukraine on a Map - Statistics

General Stats
  • This quiz has been taken 133 times
  • The average score is 35 of 109
Answers on the Map
Answers color-coded by a green-red scale on the quiz's map according to % correct below.
 
Answer Stats
Wiki Monthly Views Before War Wiki Monthly Views Cityquiz Mention Rate Population Answers % Correct
365.67K 276.39K 59.05% 2952.30K Kyiv
99%
201.84K 165.59K 27.81% 1010.54K Odessa
98%
136.29K 85.32K 24.58% 901.64K Donetsk
96%
154.24K 98.53K 18.86% 1421.12K Kharkiv
95%
189.19K 157.51K 23.71% 717.27K Lviv
95%
112.00K 88.99K 13.45% 968.50K Dnipro
93%
65.29K 38.17K 10.96% 397.68K Luhansk
91%
129.16K 34.64K 6.29% 425.68K Mariupol
90%
160.17K 137.73K 23.44% 485.39K Sevastopol
90%
74.41K 44.17K 5.59% 710.05K Zaporizhzhia
83%
94.73K 32.91K 3.64% 279.13K Kherson
79%
27.74K 18.64K 2.48% 256.47K Sumy
75%
51.86K 35.79K 4.20% 470.01K Mykolaiv
74%
53.85K 47.79K 6.55% 340.54K Simferopol
74%
40.82K 34.55K 5.42% 279.59K Poltava
72%
54.25K 53.04K 5.61% 74.65K Yalta
72%
60.48K 40.61K 4.28% 603.90K Kryvyi Rih
67%
34.66K 33.64K 4.51% 154.62K Kerch
65%
28.40K 24.51K 2.89% 243.87K Rivne
63%
34.00K 28.48K 2.95% 225.00K Ternopil
63%
39.96K 28.66K 3.49% 282.75K Chernihiv
62%
31.00K 25.91K 2.99% 215.99K Lutsk
61%
48.40K 40.58K 2.71% 369.74K Vinnytsia
59%
36.03K 28.78K 2.96% 261.62K Zhytomyr
59%
46.77K 37.79K 2.78% 238.20K Ivano-Frankivsk
58%
33.20K 12.45K 1.16% 148.85K Melitopol
58%
91.85K 13.32K 0.30% 71.09K Bakhmut
54%
29.67K 24.55K 2.28% 269.84K Cherkasy
51%
41.25K 32.40K 3.39% 115.45K Uzhhorod
49%
19.24K 12.37K 0.86% 239.83K Horlivka
48%
24.21K 5.31K - 37.32K Bucha
47%
64.59K 53.85K 2.71% 264.30K Chernivtsi
45%
23.76K 22.97K 0.94% 107.88K Yevpatoria
44%
34.77K 33.43K 2.12% 66.29K Feodosia
41%
13.52K 9.56K 0.95% 105.16K Nikopol
40%
18.68K 10.89K 0.75% 338.97K Makiivka
38%
24.31K 17.01K 1.49% 69.93K Izmail
37%
29.62K 23.68K 1.32% 274.45K Khmelnytskyi
36%
27.07K 15.12K 0.88% 106.31K Berdiansk
32%
31.94K 16.17K 0.83% 147.15K Kramatorsk
32%
45.89K 38.49K 1.26% 219.68K Kropyvnytskyi
32%
15.88K 9.01K 0.31% 65.17K Irpin
28%
27.50K 11.79K 0.55% 99.07K Sievierodonetsk
27%
20.29K 17.45K 1.08% 207.27K Bila Tserkva
26%
25.10K 19.10K 0.94% 215.27K Kremenchuk
26%
26.94K 20.88K 1.23% 81.53K Uman
26%
11.43K 8.48K 0.52% 109.81K Brovary
25%
17.96K 7.56K 0.31% 93.34K Lysychansk
25%
20.78K 10.98K 0.91% 105.14K Sloviansk
25%
9.62K 7.01K 0.33% 106.06K Alchevsk
24%
19.85K 6.02K - 44.98K Izium
24%
26.53K 22.78K 1.43% 85.57K Mukachevo
24%
13.26K 5.19K 0.15% 52.24K Enerhodar
22%
17.89K 8.81K 0.20% 60.13K Pokrovsk
22%
12.44K 8.29K 0.49% 101.43K Pavlohrad
20%
26.01K 21.46K 0.56% 226.84K Kamianske
19%
33.16K 30.22K 0.72% 96.90K Kamianets-Podilskyi
18%
30.63K 5.64K 0.15% 31.39K Avdiivka
17%
12.47K 9.38K 0.44% 83.54K Konotop
17%
15.41K 3.61K 0.07% 26.63K Kupiansk
17%
11.29K 9.79K 0.70% 67.58K Kovel
16%
12.33K 10.02K 0.51% 59.42K Stryi
16%
7.84K 7.29K 0.70% 64.12K Boryspil
15%
9.56K 5.95K 0.36% 37.01K Dzhankoi
15%
17.84K 17.09K 0.55% 28.61K Bakhchysarai
14%
16.01K 14.01K 0.35% 73.05K Berdychiv
14%
14.73K 13.21K 0.38% 73.68K Drohobych
14%
10.43K 6.72K - 18.89K Henichesk
14%
13.11K 11.63K 0.39% 60.82K Kolomyia
14%
21.19K 18.27K 0.53% 47.73K Bilhorod-Dnistrovskyi
13%
8.98K 6.44K 0.15% 65.09K Kalush
13%
10.26K 8.79K 0.36% 61.50K Korosten
13%
21.71K 3.38K 0.12% 20.07K Lyman
13%
13.84K 5.20K 0.21% 44.43K Nova Kakhovka
13%
8.29K 6.83K 0.17% 64.30K Sheptytskyi
13%
12.68K 13.17K 0.86% 31.36K Alushta
12%
13.84K 14.03K 0.23% 57.98K Chornomorsk
12%
11.58K 10.55K 0.65% 76.10K Oleksandriia
12%
16.11K 2.05K 0.02% 10.49K Soledar
12%
11.97K 9.67K 0.71% 37.91K Volodymyr
12%
13.11K 7.67K 0.15% 55.09K Zviahel
12%
9.16K 7.99K 0.41% 28.04K Khust
11%
10.28K 8.99K 0.33% 65.83K Nizhyn
11%
13.76K 14.17K 0.45% 17.83K Sudak
11%
10.57K 8.79K 0.23% 6.09K Halych
10%
10.64K 6.35K 0.10% 67.35K Kostiantynivka
10%
14.53K 2.90K - 9.73K New York
9%
11.27K 9.27K 0.16% 13.66K Ochakiv
9%
8.44K 7.53K 0.21% 34.15K Sambir
9%
11.54K 3.19K 0.08% 21.17K Volnovakha
9%
19.92K 19.80K 0.52% 35.92K Balaklava
8%
9.70K 5.19K 0.05% 55.25K Rubizhne
8%
11.07K 9.70K 0.36% 23.32K Berehove
6%
7.66K 7.03K 0.14% 36.90K Dubno
6%
12.82K 2.17K 0.02% 9.09K Marinka
6%
9.01K 8.84K 0.33% 24.29K Saky
6%
13.89K 13.34K - 0.60K Bukovel
5%
24.00K 21.79K 0.22% 24.46K Slavutych
5%
9.40K 8.58K 0.30% 23.13K Brody
4%
9.43K 6.13K 0.04% 12.79K Huliaipole
4%
10.41K 9.76K 0.41% 8.94K Khotyn
4%
9.63K 9.48K 0.22% 49.85K Horishni Plavni
3%
10.74K 10.59K 0.22% 28.29K Truskavets
3%
8.55K 6.81K 0.13% 33.11K Vyshhorod
3%
8.14K 8.71K 0.12% 9.41K Gurzuf
2%
12.43K 10.24K - 26.27K Pereiaslav
2%
15.51K 15.14K 0.00% 2.50K Askania-Nova
1%
10.01K 10.88K 0.17% 3.30K Koktebel
1%
8.02K 6.75K 0.06% 8.54K Chyhyryn
0%
No matching quizzes found
Score Distribution
Percent of People with Each Score
Percentile by Number Answered
Your Score History
You have not taken this quiz